Veszélyeztetett és hátrányos helyzet a szakmunkástanulók világában.

Elmentve itt :
Bibliográfiai részletek
Szerző: Vándor Andrea
További közreműködők: nincs megadva (Témavezető)
Dokumentumtípus: Szakdolgozat
Megjelent: 1989
Tárgyszavak:
Online Access:http://diploma.bibl.u-szeged.hu/105001
LEADER 00756nta a2200205 i 4500
001 dipl105001
005 20210127145008.0
008 210127s1989 hu om 0|| zxx d
040 |a SZTE Diploma Repozitórium  |b hun 
041 |a zxx 
100 1 |a Vándor Andrea 
245 1 0 |a Veszélyeztetett és hátrányos helyzet a szakmunkástanulók világában.  |h [elektronikus dokumentum] /  |c Andrea Vándor 
260 |c 1989 
650 4 |a Bölcsészettudományok 
650 4 |a Social sciences 
650 4 |a Media and communications 
650 4 |a Media and socio-cultural communication 
650 4 |a Cultural studies, cultural diversity 
700 1 |a nincs megadva  |e ths 
856 4 0 |u http://diploma.bibl.u-szeged.hu/id/eprint/105001/1/1989_vandor_andrea.pdf  |z Dokumentum-elérés